on becoming an innovative university teacher

Salvato in:
Dettagli Bibliografici
Autore principale: Cowan, John
Natura: Libro
Lingua:inglese
Pubblicazione: Open university press. 1998
Tags: Aggiungi Tag
Nessun Tag, puoi essere il primo ad aggiungerne!!

MARC

LEADER 00000nam a22000007a 4500
008 211103b ||||| |||| 00| 0 eng d
020 |a 0335199941. 
100 |a Cowan, John. 
245 |a on becoming an innovative university teacher  |c John Cowan  |g xi, 173 p. : ill. 
260 |b Open university press.  |c 1998  |d Book.  |h Buckingham,  |i 314493.  |l LB2331.C83  |m College teaching.  |m Reflection (Philosophy)--Study and teaching (Higher  |m College teachers--Training of.  |m Experiential learning.  |m Educational innovations. 
500 |a Includes bibliographical references ([159]-163) and index. 
942 |a lcc  |c BK  |e Olagoke,M.A.  |f 03/11/2021. 
952 |0 0  |1 0  |2 lcc  |4 0  |7 0  |9 3830  |a HOL  |b ED  |c LP  |d 2021-11-03  |o LB2331.C83  |p 2021-67560  |r 2021-11-03 00:00:00  |t 427799  |w 2021-11-03  |y BK 
952 |0 0  |1 0  |2 lcc  |4 0  |7 0  |9 3852  |a HOL  |b HOL  |c LP  |d 2021-11-04  |o LB2331.C83  |p 2021-67582  |r 2021-11-04 00:00:00  |t 427800  |w 2021-11-04  |y BK 
999 |c 1916  |d 1916